000 00608nam a2200265Ia 4500
008 210210b2012 xxu||||| |||| 00| 0 eng d
020 _a9780670086399
041 _aeng
082 _a915.4 SANL
100 _aSANYAL (Sanjeev)
245 _aLand of the seven rivers
_bBrief history of Indias geography
260 _aND
_bPenguin Books
_c2012
300 _axii,331
650 _athe
650 _aseven
650 _arivers
650 _aof
650 _aLand
650 _aIndias
650 _ahistory
650 _ageography
650 _aBrief
690 _aGeography
906 _a067355
999 _c149727
_d149727